Film commencant par un "A" - Statistiques

Statistiques générales
  • Ce quiz a été pris 234 fois
  • Le résultat moyen est 9 sur 18
Statistiques - réponses
Description Film % Correct
Un voleur découvre une lampe et s'en sert pour séduire la princesse. Aladdin
85%
Un homme aide les extraterrestres de l'espace bleu à vaincre les humains qui exploitent leur pays. Avatar
84%
Douzième film de l'univers cinématographique Marvel, c'est un super héros qui peut devenir plus petit qu'une mouche. Ant-Man
83%
Un enfant découvre un monde miniature dans le jardin de sa grand-mère en tentant de percer le secret laissé par son grand-père. Arthur et les minimoys
83%
Un homme offre une poupée ancienne à sa femme enceinte d'abord ravie par son cadeau mais qui va vite déchanter. Annabelle
74%
Un architecte Egyptien doit construire un palais pour César en 3 mois. Astérix et Obélix : mission Cléopatre
71%
Les mineurs de l'espace rencontrent une forme de vie extraterrestre qui les tue tous, sauf un. Alien
68%
Une bande d'ados prêtent serment : ils perdront leur pucelage avant leur entrée en Fac. American Pie
54%
Faux steward, est en fait le patron d'une entreprise particulière qui aide ses clients à cacher une infidélité, d'éviter une réunion ou préserver une vie privée. Alibi.com
53%
Le génie musical du XVIIIe siècle est poussé à la mort par un rival jaloux. Amadeus
42%
Harry Stamper et son équipe de forage pétrolier sont les seuls à pouvoir sauver la Terre d'un astéroïde tueur. Armageddon
40%
Un homme de Wall Street avec de superbes cartes de visite perd la raison et commence à tuer des gens. American Psycho
38%
Un expert en usurpation d'identité est recherché par la police Américaine pour avoir escroqué plusieurs millions de dollars. Arrète moi si tu peux
34%
Un remake moderne de "Heart of Darkness" qui se déroule pendant la guerre du Vietnam. Apocalypse Now
33%
Tom, le père, enclenche son régulateur de vitesse électronique sur son monospace neuf qui reste bloqué sur 130 km/h. A fond
22%
Une famille est tourmentée par une maison maléfique construite sur un cimetière tribal. Amityville
22%
Un super espion Britannique est décongelé pour combattre le Docteur Denfer. Austin Powers
22%
Un détective traque un botteur mécontent qui a volé la mascotte des "Dolphins" de Miami. Ace Ventura
11%
Aucun quiz correspondant
Distribution des résultats
% des personnes avec chaque résultat
Percentile par nombre de réponses
Votre historique - résultats
Vous n’avez pas pris ce quiz